{"text_format":"3","workbook":"xlsx","n_sheets":1,"sheets":["Предмет"],"not_rendered":{"defined_names":8},"read":"whole","date_system":"1900"}

{"sheet":"Предмет","index":0,"n_rows":36,"n_cols":16,"rows_kept":36}
["№","СНИЛС","Фамилия","Имя","Отчество","Пол","Дата рождения","Участник с ОВЗ","Класс","Класс участия","Балл","Макс. Балл","Статус","Призер МЭ прошлого года","Учитель","Место работы учителя"]
[1,2,3,4,5,6,7,8,9,10,11,12,13,14,15,16]
[1,"172-976-365 16","Мирсаидов","Рахим","Саярович","м","2012-07-15",null,6,7,88,100,"призер",null,"Буханова Марина Геннадьевна","МБОУ Гимназия№1"]
[2,"172-976-369-20","Мирсаидов ","Рамзан","Саярович","м","2012-07-15",null,6,7,88,100,"призер",null,"Буханова Марина Геннадьевна","МБОУ Гимназия№1"]
[3,"171-448-427 70","Фазлеев ","Роман","Евгеньевич","м","2012-03-25",null,6,7,57,100,"участник",null,"Буханова Марина Геннадьевна","МБОУ Гимназия№1"]
[4,"168-399-870-48","Климов ","Арсений","Романович","м","2011-09-12",null,7,7,52,100,"участник",null,"Буханова Марина Геннадьевна","МБОУ Гимназия№1"]
[5,"169-258-288-17","Егоров","Александр","Иванович","м","2011-11-08",null,7,7,80,100,"призер",null,"Буханова Марина Геннадьевна","МБОУ Гимназия№1"]
[6,"159-202-926 68","Капрош","Олег","Игоревич","м","2010-04-21",null,8,8,96,100,"победитель","да","Буханова Марина Геннадьевна","МБОУ Гимназия№1"]
[7,"160-251-421 14","Кулаков","Всеволод","Олегович","м","2010-05-26",null,8,8,96,100,"победитель","да","Буханова Марина Геннадьевна","МБОУ Гимназия№1"]
[8,"161-657-083 71","Шаймухаметов ","Камиль","Ильнурович","м","2010-07-29",null,8,8,65,100,"призер",null,"Буханова Марина Геннадьевна","МБОУ Гимназия№1"]
[9,"160-853-644 71","Мещеряков","Кирилл","Дмитриевич","м","2010-06-28",null,8,8,61,100,"призер",null,"Буханова Марина Геннадьевна","МБОУ Гимназия№1"]
[10,"170-993-084 95","Балаухина","Анастасия","Владимировна","ж","2012-02-03",null,6,7,87,100,"призер",null,"Буханова Марина Геннадьевна","МБОУ Гимназия№1"]
[11,"179-667-989 72","Романова","Милана","Станиславовна","ж","2012-01-13",null,6,7,87,100,"призер",null,"Буханова Марина Геннадьевна","МБОУ Гимназия№1"]
[12,"169-647-040-10","Юзикиева","Яна","Маратовна","ж","2011-11-29",null,7,7,90,100,"победитель",null,"Буханова Марина Геннадьевна","МБОУ Гимназия№1"]
[13,"166-592-736-13","Мингазова","Амина","Вадимовна","ж","2011-06-02",null,7,7,65,100,"призер",null,"Буханова Марина Геннадьевна","МБОУ Гимназия№1"]
[14,"160-652-197 53","Бабаджанова"," Айлин","Равшатовна","ж","2010-06-14",null,8,8,67,100,"призер",null,"Буханова Марина Геннадьевна","МБОУ Гимназия№1"]
[15,"161-748-336 77","Габдрахманова","Илина","Ирековна","ж","2010-08-28",null,8,8,95,100,"победитель","да","Буханова Марина Геннадьевна","МБОУ Гимназия№1"]
[16,"160-026-424 10","Галеева","Эмилия","Маратовна","ж","2010-05-18",null,8,8,90,100,"победитель",null,"Буханова Марина Геннадьевна","МБОУ Гимназия№1"]
[17,"162-433-647 54","Гудовских","Александра","Владимировна","ж","2010-10-12",null,8,8,60,100,"призер",null,"Буханова Марина Геннадьевна","МБОУ Гимназия№1"]
[18,"156-076-697 92","Мирсаидов","Самир","Саярович","м","2009-09-22",null,9,9,88,100,"победитель","да","Буханова Марина Геннадьевна","МБОУ Гимназия№1"]
[19,"154-911-381 65","Смирнов","Богдан","Денисович","м","2009-05-15",null,9,9,54,100,"участник",null,"Буханова Марина Геннадьевна","МБОУ Гимназия№1"]
[20,"155-816-397 94","Ахунзянов","Амир","Илнарович","м","2008-02-15",null,10,10,62,100,"призер",null,"Буханова Марина Геннадьевна","МБОУ Гимназия№1"]
[21,"161-418-306 39","Зайнулин","Амир","Русланович","м","2008-09-11",null,10,10,90,100,"победитель",null,"Буханова Марина Геннадьевна","МБОУ Гимназия№1"]
[22,"160-604-832 40","Мансуров","Марат","Марсельевич","м","2008-09-14",null,10,10,90,100,"победитель","да","Буханова Марина Геннадьевна","МБОУ Гимназия№1"]
[23,"174-071-163 49","Муллазянов","Амир","Рамильевич","м","2008-10-16",null,10,10,90,100,"победитель","да","Буханова Марина Геннадьевна","МБОУ Гимназия№1"]
[24,"180-453-389 67","Халиуллин","Дамир","Риясович","м","2008-10-10",null,10,10,90,100,"победитель",null,"Буханова Марина Геннадьевна","МБОУ Гимназия№1"]
[25,"160-786-817 95","Камалов","Амир","Альбертович","м","2007-09-21",null,1,11,97,100,"победитель","да","Буханова Марина Геннадьевна","МБОУ Гимназия№1"]
[26,"160- 604-705 34","Кашапов","Эльдар","Альфредович","м","2007-02-16",null,11,11,85,100,"призер",null,"Буханова Марина Геннадьевна","МБОУ Гимназия№1"]
[27,"154-288-164 79","Яшин","Эрик","Станиславович","м","2007-04-27",null,11,11,98,100,"победитель","да","Буханова Марина Геннадьевна","МБОУ Гимназия№1"]
[28,"155-835-898 15","Гизатулина ","Сафина","Фанисовна","ж","2009-08-28",null,9,9,65,100,"призер","да","Буханова Марина Геннадьевна","МБОУ Гимназия№1"]
[29,"153-171-490 44","Килина","Александра","Васильевна","ж","2008-12-12",null,9,9,65,100,"призер","да","Буханова Марина Геннадьевна","МБОУ Гимназия№1"]
[30,"156-331-403 42","Фаразутдинова","Диляра","Ильдаровна","ж","2009-10-22",null,9,9,65,100,"призер",null,"Буханова Марина Геннадьевна","МБОУ Гимназия№1"]
[31,"180-886-054 98","Буханова","Калерия","Александровна","ж","2008-09-03",null,10,10,65,100,"призер",null,"Буханова Марина Геннадьевна","МБОУ Гимназия№1"]
[32,"161-420-237 16","Зайнулина","Азалия","Руслановна","ж","2008-09-11",null,10,10,95,100,"победитель",null,"Буханова Марина Геннадьевна","МБОУ Гимназия№1"]
[33,"160-604-992 55","Степанова ","Снежана","Борисовна","ж","2007-10-30",null,10,10,60,100,"победитель",null,"Буханова Марина Геннадьевна","МБОУ Гимназия№1"]
[34,"160-439-535 57","Кузнецова","Полина","Константиновна","ж","2008-07-11",null,10,10,61,100,"победитель",null,"Буханова Марина Геннадьевна","МБОУ Гимназия№1"]